00255nam a2200109Ia 4500008004100000082001000041082000800051245004100059245001800100260001800118300000900136231017s9999 xx 000 0 und d a557.9 bROS 0aGeology along US Highway 93 in Idaho 0cClyde P. Ross bClyde P. Ross c30cm